Çankırı Karatekin Üniversitesi Sosyal Bilimler Enstitüsü Dergisi (Record no. 200041754)
[ view plain ]
| 000 -LEADER | |
|---|---|
| fixed length control field | 00846 a2200265 4500 |
| 001 - CONTROL NUMBER | |
| control field | 200041754 |
| 003 - CONTROL NUMBER IDENTIFIER | |
| control field | TR-AnTOB |
| 005 - DATE AND TIME OF LATEST TRANSACTION | |
| control field | 20200505111340.0 |
| 008 - FIXED-LENGTH DATA ELEMENTS--GENERAL INFORMATION | |
| fixed length control field | 130920b20109999tu fr0p 0 0 |
| 022 ## - INTERNATIONAL STANDARD SERIAL NUMBER | |
| International Standard Serial Number | 1309-3738 |
| 040 ## - CATALOGING SOURCE | |
| Original cataloging agency | TR-AnTOB |
| 041 ## - LANGUAGE CODE | |
| Language code of text/sound track or separate title | Türkçe |
| Language code of summary or abstract | eng |
| 050 ## - LIBRARY OF CONGRESS CALL NUMBER | |
| Classification number | H8.T9 |
| 099 ## - LOCAL FREE-TEXT CALL NUMBER (OCLC) | |
| Classification number | JOURNAL SOCI |
| 245 10 - TITLE STATEMENT | |
| Title | Çankırı Karatekin Üniversitesi Sosyal Bilimler Enstitüsü Dergisi |
| Remainder of title | Çankırı Karatekin University Journal of Instıtute of Social Sciences |
| 260 ## - PUBLICATION, DISTRIBUTION, ETC. | |
| Place of publication, distribution, etc. | Çankırı : |
| Name of publisher, distributor, etc. | Çankırı Karatekin Üniversitesi, |
| Date of publication, distribution, etc. | 2010- |
| 300 ## - PHYSICAL DESCRIPTION | |
| Extent | c.: |
| Other physical details | tablo,şekil; |
| Dimensions | 24cm. |
| 310 ## - CURRENT PUBLICATION FREQUENCY | |
| Current publication frequency | Yılda iki sayı. |
| 362 ## - DATES OF PUBLICATION AND/OR SEQUENTIAL DESIGNATION | |
| Dates of publication and/or sequential designation | Cilt 1, Sayı 1 (Nisan 2010)- |
| 500 ## - GENERAL NOTE | |
| General note | Web ortamından edinilebilir. |
| 650 ## - SUBJECT ADDED ENTRY--TOPICAL TERM | |
| Topical term or geographic name entry element | Sosyal bilimler |
| General subdivision | İstatistiksel metodlar |
| 9 (RLIN) | 14352 |
| 856 ## - ELECTRONIC LOCATION AND ACCESS | |
| Host name | http://sbe.karatekin.edu.tr/ |
| 942 ## - ADDED ENTRY ELEMENTS (KOHA) | |
| Koha item type | Continuing Resource |
No items available.
